[Event "VII Open Vallee d'Aoste A"]
[Site "Saint Vincent - Chatillon ITA"]
[Date "1999.02.10"]
[Round "5"]
[White "Castaldo, Folco"]
[Black "Laketic, Gojko"]
[Result "0-1"]
[WhiteElo "2192"]
[BlackElo "2396"]
[PlyCount "80"]
[EventDate "1999.02.06"]

1. e4 Nf6 2. e5 Nd5 3. d4 d6 4. Nf3 Nb6 5. a4 a5 6. Bb5+ c6 7. Bd3 Bg4 8. exd6
exd6 9. O-O Be7 10. Bf4 Nd5 11. Bc1 Bh5 12. c3 Bg6 13. Re1 Bxd3 14. Qxd3 O-O
15. Nbd2 Nd7 16. Ne4 Re8 17. Bg5 f6 18. Bd2 Nc7 19. Re2 d5 20. Ng3 Bf8 21. Rae1
Rxe2 22. Rxe2 Nb6 23. b3 Qd7 24. h3 Qf7 25. Bc1 Nd7 26. Ra2 Qg6 27. Qxg6 hxg6
28. Ba3 Bxa3 29. Rxa3 b5 30. Nd2 Nb6 31. Ngf1 Ne6 32. Ne3 b4 33. cxb4 axb4 34.
Ra1 Nxd4 35. Kf1 Ra5 36. Rc1 c5 37. Nd1 c4 38. bxc4 dxc4 39. Nxc4 Rc5 40. Nde3
Nf5 0-1

[Event "VII Open Vallee d'Aoste A"]
[Site "Saint Vincent - Chatillon ITA"]
[Date "1999.02.10"]
[Round "5"]
[White "Ciuffoletti, Paolo"]
[Black "Vezzosi, Paolo"]
[Result "0-1"]
[WhiteElo "2163"]
[BlackElo "2339"]
[PlyCount "64"]
[EventDate "1999.02.06"]

1. e4 e6 2. Nf3 d5 3. e5 c5 4. b4 cxb4 5. a3 Nh6 6. d4 Nc6 7. axb4 Bxb4+ 8. c3
Be7 9. Bxh6 gxh6 10. Bd3 f6 11. Qd2 fxe5 12. Nxe5 Nxe5 13. dxe5 Qc7 14. Bb5+
Bd7 15. Bxd7+ Kxd7 16. O-O Qxe5 17. Re1 Qf6 18. Qe2 Bc5 19. Nd2 Kc7 20. Nb3 Bb6
21. c4 dxc4 22. Qxc4+ Kb8 23. Nc5 Rd8 24. Rec1 Qd4 25. Nxe6 Qxc4 26. Rxc4 Rd2
27. Rf4 a5 28. Kf1 Ka7 29. Re1 Rc8 30. Rb1 Rcc2 31. Ke1 Bxf2+ 32. Kf1 Bb6 0-1

[Event "VII Open Vallee d'Aoste A"]
[Site "Saint Vincent - Chatillon ITA"]
[Date "1999.02.10"]
[Round "5"]
[White "Davies, Nigel R."]
[Black "Tomescu, Vlad"]
[Result "1-0"]
[WhiteElo "2515"]
[BlackElo "2436"]
[PlyCount "85"]
[EventDate "1999.02.06"]

1. c4 e5 2. g3 Nc6 3. Bg2 Nf6 4. Nc3 Bc5 5. e3 d5 6. cxd5 Nb4 7. d3 Nbxd5 8.
Nxd5 Nxd5 9. Nf3 Bb4+ 10. Bd2 Bxd2+ 11. Qxd2 Qe7 12. O-O c6 13. e4 Nb6 14. Qc3
f6 15. d4 exd4 16. Nxd4 Be6 17. a4 Nd7 18. Nf5 Bxf5 19. exf5 O-O-O 20. b4 Qe5
21. Qc2 Qc7 22. b5 Ne5 23. Rfb1 Rd6 24. Qc5 b6 25. Qc2 c5 26. a5 bxa5 27. Qe4
Rd4 28. Qe1 Rhd8 29. f4 Nc4 30. Rc1 Qd6 31. Qe2 Nd2 32. Rc3 a4 33. Re1 Kc7 34.
Re3 Rd3 35. Re6 Qd4+ 36. Kh1 Nb3 37. b6+ axb6 38. Rc6+ Kb8 39. Rxb6+ Ka7 40.
Qe6 Rd6 41. Rb7+ Ka6 42. Qe8 Rb6 43. Ra7+ 1-0

[Event "VII Open Vallee d'Aoste A"]
[Site "Saint Vincent - Chatillon ITA"]
[Date "1999.02.10"]
[Round "5"]
[White "Glek, Igor V."]
[Black "Valenti, Giuseppe"]
[Result "1-0"]
[WhiteElo "2566"]
[BlackElo "2200"]
[PlyCount "77"]
[EventDate "1999.02.06"]

1. e4 c5 2. Nf3 e6 3. d3 Nc6 4. g3 Nf6 5. Bg2 d5 6. Qe2 Be7 7. O-O O-O 8. e5
Nd7 9. c4 Ndb8 10. h4 a6 11. Nc3 b5 12. Bf4 b4 13. Na4 Ra7 14. Rac1 dxc4 15.
Rxc4 Na5 16. Rcc1 Rc7 17. Ng5 Bb7 18. Ne4 Bxe4 19. Qxe4 Nd7 20. d4 cxd4 21.
Qxd4 Nc5 22. Qxd8 Rxd8 23. Nxc5 Rxc5 24. Rxc5 Bxc5 25. b3 h6 26. Rc1 Bb6 27.
Kf1 Rb8 28. Bd2 Bd4 29. f4 Kf8 30. Rc7 Ke8 31. h5 Bb6 32. Rc2 Bd8 33. Ke2 Kd7
34. g4 Be7 35. Be3 Kd8 36. f5 Nb7 37. f6 Bf8 38. Bxb7 Rxb7 39. Bc5 1-0

[Event "VII Open Vallee d'Aoste A"]
[Site "Saint Vincent - Chatillon ITA"]
[Date "1999.02.10"]
[Round "5"]
[White "Godena, Michele"]
[Black "De La Villa Garcia, Jesus Maria"]
[Result "0-1"]
[WhiteElo "2552"]
[BlackElo "2478"]
[PlyCount "100"]
[EventDate "1999.02.06"]

1. e4 e6 2. d4 d5 3. Nd2 Nf6 4. e5 Nfd7 5. Bd3 c5 6. c3 Nc6 7. Ne2 cxd4 8. cxd4
f6 9. exf6 Nxf6 10. Nf3 Bd6 11. O-O O-O 12. Bf4 Bxf4 13. Nxf4 Ne4 14. Qc1 Ng5
15. Nxg5 Qxg5 16. Ne2 Qf6 17. Qe3 Bd7 18. Bb5 Nb8 19. Bd3 Nc6 20. Rad1 Rac8 21.
Nc3 Be8 22. Rfe1 Bf7 23. Bb5 Nd8 24. Rc1 a6 25. Bd7 Rc4 26. Red1 Qe7 27. Ba4
Qd6 28. Bb3 Rc7 29. Qg3 Qxg3 30. hxg3 Nc6 31. Na4 b5 32. Nc5 Nxd4 33. Rxd4 Rfc8
34. Bxd5 exd5 35. b4 a5 36. a3 axb4 37. axb4 Ra8 38. Re1 Rca7 39. Re5 Ra1+ 40.
Kh2 Rc1 41. Nb3 Rc4 42. Rxc4 bxc4 43. Nd4 c3 44. Re1 Rc8 45. b5 Rc4 46. Nc2 Bg6
47. Ne3 Rc5 48. b6 d4 49. b7 Rb5 50. Nc2 Bxc2 0-1

[Event "VII Open Vallee d'Aoste A"]
[Site "Saint Vincent - Chatillon ITA"]
[Date "1999.02.10"]
[Round "5"]
[White "Loginov, Valery A."]
[Black "Sadvakasov, Darmen"]
[Result "1-0"]
[WhiteElo "2532"]
[BlackElo "2487"]
[PlyCount "93"]
[EventDate "1999.02.06"]

1. Nf3 Nf6 2. g3 b5 3. Bg2 Bb7 4. O-O e6 5. d3 d5 6. Nbd2 Be7 7. e4 dxe4 8.
dxe4 O-O 9. Qe2 b4 10. Rd1 Ba6 11. Qe1 Nbd7 12. a3 bxa3 13. b3 Bb7 14. Bxa3 c5
15. Bb2 Qc7 16. Bc3 Bc6 17. Nc4 Rfe8 18. Nfe5 Bb5 19. Bf1 Bf8 20. Nxd7 Nxd7 21.
Nd6 Bxd6 22. Bxb5 Red8 23. Bxd7 Rxd7 24. Qd2 f6 25. Ra4 Qc6 26. Qd3 a6 27. e5
fxe5 28. Bxe5 Rad8 29. Rxa6 c4 30. Rxc6 cxd3 31. Bxd6 dxc2 32. Rxc2 Rxd6 33.
Rxd6 Rxd6 34. Rb2 Kf7 35. Kg2 Ke7 36. b4 Kd7 37. Kf3 Kc6 38. Ke4 Rd5 39. Rc2+
Kd6 40. Rc8 Re5+ 41. Kd3 Rf5 42. f4 Rf7 43. Rc5 g6 44. Kd4 Rb7 45. b5 Kd7 46.
h4 Rb8 47. Ke5 1-0

[Event "VII Open Vallee d'Aoste A"]
[Site "Saint Vincent - Chatillon ITA"]
[Date "1999.02.10"]
[Round "5"]
[White "Luciani, Valerio"]
[Black "Pulito, Alberto"]
[Result "1-0"]
[WhiteElo "2238"]
[BlackElo "2057"]
[PlyCount "81"]
[EventDate "1999.02.06"]

1. c4 Nf6 2. Nc3 g6 3. g3 Bg7 4. Bg2 O-O 5. Nf3 d6 6. O-O c6 7. Rb1 h6 8. d3
Qc7 9. Qc2 Nbd7 10. b4 e5 11. b5 Nc5 12. Nd2 Bd7 13. Ba3 Ne6 14. e3 Rfb8 15.
Bb4 Ne8 16. a4 f5 17. Rfc1 Nf6 18. Qa2 Kh7 19. Nd5 cxd5 20. cxd5 Nc5 21. d4
exd4 22. exd4 b6 23. dxc5 bxc5 24. Bc3 Be8 25. Nc4 Bf7 26. Qb2 Qd8 27. Na5 Qh8
28. Nc4 Rd8 29. Rd1 Rab8 30. a5 Ng4 31. Bxg7 Qxg7 32. Qxg7+ Kxg7 33. b6 axb6
34. axb6 Nf6 35. Na5 Rd7 36. b7 Kf8 37. Rb6 g5 38. Ra6 Kg7 39. Rb1 Be8 40. Rbb6
Kf7 41. Nc6 1-0

[Event "VII Open Vallee d'Aoste A"]
[Site "Saint Vincent - Chatillon ITA"]
[Date "1999.02.10"]
[Round "5"]
[White "Mantovani, Renzo"]
[Black "Hickl, Joerg"]
[Result "1-0"]
[WhiteElo "2377"]
[BlackElo "2575"]
[PlyCount "91"]
[EventDate "1999.02.06"]

1. d4 d6 2. e4 g6 3. Nf3 Bg7 4. Be2 Nd7 5. O-O e5 6. c3 Ngf6 7. dxe5 dxe5 8.
Qc2 O-O 9. Nbd2 b6 10. Re1 Bb7 11. Bf1 a6 12. a4 Re8 13. b3 Qb8 14. Nc4 Qa7 15.
Nfd2 a5 16. Ne3 Rad8 17. Bb5 c6 18. Bf1 Nc5 19. Nec4 Bc8 20. Kh1 Ng4 21. Kg1 f5
22. f3 Nf6 23. Kh1 Qc7 24. Ba3 Bf8 25. Bb2 fxe4 26. Nxe4 Ncxe4 27. fxe4 Be6 28.
Bc1 b5 29. Bg5 bxc4 30. Bxf6 Rb8 31. bxc4 Bc5 32. Bh4 Rb7 33. Rab1 Reb8 34. Bg3
Rxb1 35. Rxb1 Rxb1 36. Qxb1 Kg7 37. h3 h6 38. Be2 Kh7 39. Qd1 Qb8 40. Kh2 Qc7
41. Bg4 Bxg4 42. Qxg4 Bd6 43. Qe6 c5 44. Bh4 g5 45. Bg3 Kg7 46. h4 1-0

[Event "VII Open Vallee d'Aoste A"]
[Site "Saint Vincent - Chatillon ITA"]
[Date "1999.02.10"]
[Round "5"]
[White "Novikov, Igor A."]
[Black "Vera Gonzalez-Quevedo, Reynaldo"]
[Result "1-0"]
[WhiteElo "2601"]
[BlackElo "2547"]
[PlyCount "91"]
[EventDate "1999.02.06"]

1. d4 Nf6 2. c4 c5 3. d5 g6 4. Nc3 Bg7 5. e4 d6 6. Nge2 O-O 7. Ng3 e6 8. Be2
exd5 9. cxd5 a6 10. a4 Re8 11. O-O Nbd7 12. f3 Rb8 13. Be3 Ne5 14. Qd2 Bd7 15.
a5 h5 16. h3 h4 17. Nh1 b5 18. axb6 Rxb6 19. Rxa6 Rxa6 20. Bxa6 Qa5 21. Be2 Qb4
22. Nf2 Rb8 23. Bg5 Nh5 24. Bxh4 Qxb2 25. Qxb2 Rxb2 26. Nfd1 Rc2 27. f4 Nc4 28.
Bxc4 Bxc3 29. Nxc3 Rxc3 30. Be2 Re3 31. Bf3 Bb5 32. Rb1 Bd3 33. Rb8+ Kg7 34.
Kf2 Rxe4 35. Bxe4 Bxe4 36. Be7 Bxd5 37. Bxd6 f5 38. g4 fxg4 39. hxg4 Nf6 40.
Be5 Kf7 41. Bxf6 Kxf6 42. Rb5 Be6 43. g5+ Kf5 44. Ke3 Kg4 45. Rxc5 Bd7 46. Ke4
1-0

[Event "VII Open Vallee d'Aoste A"]
[Site "Saint Vincent - Chatillon ITA"]
[Date "1999.02.10"]
[Round "5"]
[White "Ortega, Lexy"]
[Black "Franco Ocampos, Zenon"]
[Result "1/2-1/2"]
[WhiteElo "2485"]
[BlackElo "2463"]
[PlyCount "70"]
[EventDate "1999.02.06"]

1. d4 Nf6 2. Nf3 c5 3. d5 g6 4. Nc3 Bg7 5. e4 O-O 6. e5 Ng4 7. Ng5 d6 8. e6 f5
9. h3 Nf6 10. g4 fxg4 11. hxg4 Qb6 12. Be2 Na6 13. Nf7 Qb4 14. a3 Qd4 15. Be3
Qxd1+ 16. Rxd1 Nc7 17. Nh6+ Kh8 18. Bc4 a6 19. a4 b6 20. Rh4 Rb8 21. g5 Bxh6
22. Rxh6 Ng4 23. Rh4 Nxe3 24. fxe3 Rf5 25. Ke2 Bb7 26. Bd3 Rxg5 27. Rdh1 h5 28.
Bxg6 Bxd5 29. Nxd5 Nxd5 30. Rxh5+ Rxh5 31. Rxh5+ Kg7 32. Bd3 Nc7 33. Rf5 Rf8
34. Rg5+ Kf6 35. Rf5+ Kg7 1/2-1/2

[Event "VII Open Vallee d'Aoste A"]
[Site "Saint Vincent - Chatillon ITA"]
[Date "1999.02.10"]
[Round "5"]
[White "Sarno, Spartaco"]
[Black "Guido, Flavio"]
[Result "1-0"]
[WhiteElo "2358"]
[BlackElo "2356"]
[PlyCount "74"]
[EventDate "1999.02.06"]

1. c4 e6 2. Nf3 d5 3. b3 Nf6 4. g3 Be7 5. Bg2 O-O 6. O-O c5 7. Bb2 Nc6 8. e3
Qb6 9. d3 a5 10. Qe2 a4 11. bxa4 d4 12. Na3 e5 13. Rfb1 Qd8 14. exd4 exd4 15.
Bc1 Re8 16. Nb5 Bd6 17. Qd1 Bb8 18. Ba3 b6 19. Nfxd4 Nxd4 20. Nxd4 Bg4 21. Nf3
Ra7 22. Qb3 Rd7 23. Rd1 Bf5 24. Ne1 Ng4 25. Rab1 Bc7 26. a5 bxa5 27. Bxc5 Qf6
28. Qc2 h5 29. Nf3 Red8 30. Rb3 Qg6 31. Ne1 h4 32. Qe2 hxg3 33. fxg3 Ne5 34. d4
Bg4 35. Nf3 Qa6 36. Rb5 Qf6 37. Rf1 37... Nc6 $139 1-0

[Event "VII Open Vallee d'Aoste A"]
[Site "Saint Vincent - Chatillon ITA"]
[Date "1999.02.10"]
[Round "5"]
[White "Sedina, Elena"]
[Black "Drasko, Milan"]
[Result "0-1"]
[WhiteElo "2374"]
[BlackElo "2505"]
[PlyCount "98"]
[EventDate "1999.02.06"]

1. e4 e6 2. d4 d5 3. e5 c5 4. c3 Nc6 5. Nf3 Bd7 6. a3 Nge7 7. b4 cxd4 8. cxd4
Nf5 9. Bb2 Be7 10. Be2 b5 11. O-O Qb6 12. g4 Nh6 13. h3 f6 14. Nc3 O-O 15. Bxb5
f5 16. g5 Nf7 17. Bxc6 Bxc6 18. Bc1 Rfc8 19. Be3 a5 20. bxa5 Qxa5 21. Bd2 Bxg5
22. Nxg5 Nxg5 23. Qh5 Nf7 24. Rfd1 Qb6 25. Qh4 Be8 26. Rdb1 Qa6 27. Qg3 Qc4 28.
Qe3 g5 29. Ne2 f4 30. Qf3 Qc2 31. Bb4 Qe4 32. Kg2 Rc2 33. Nc3 Qxf3+ 34. Kxf3
Nh6 35. Rc1 Bh5+ 36. Kg2 Rxc1 37. Rxc1 Nf5 38. Nb5 Be2 39. a4 Rxa4 40. Rc8+ Kg7
41. Bf8+ Kg6 42. Nc3 f3+ 43. Kh2 Rxd4 44. Bc5 Rc4 45. Nb5 Bf1 46. Nd6 Rh4 47.
Rg8+ Ng7 48. Ne8 Rxh3+ 49. Kg1 Bg2 0-1

[Event "VII Open Vallee d'Aoste A"]
[Site "Saint Vincent - Chatillon ITA"]
[Date "1999.02.10"]
[Round "5"]
[White "Ubezio, Marco"]
[Black "De la Riva Aguado, Oscar"]
[Result "0-1"]
[WhiteElo "2195"]
[BlackElo "2495"]
[PlyCount "116"]
[EventDate "1999.02.06"]

1. d4 f5 2. g3 Nf6 3. Bg2 g6 4. c4 Bg7 5. Nc3 O-O 6. Nh3 d6 7. d5 Nbd7 8. O-O
Ne5 9. Qb3 Nfd7 10. a4 Nc5 11. Qa2 Ng4 12. Bd2 a5 13. Rae1 Kh8 14. b3 e5 15.
dxe6 Bxe6 16. Nf4 Bd7 17. Qc2 c6 18. Nd3 Ne6 19. e3 Ne5 20. Ne2 Qb6 21. Nef4
Ng5 22. f3 Rae8 23. Kh1 Bc8 24. Bc3 Kg8 25. Bd4 Qd8 26. Qb2 Ngf7 27. Rd1 Qe7
28. Rfe1 Ng5 29. Qf2 Qc7 30. Re2 Ngf7 31. Ree1 Re7 32. c5 Rfe8 33. cxd6 Nxd6
34. Nxe5 Bxe5 35. Bxe5 Rxe5 36. Nd3 R5e7 37. f4 Nf7 38. Qf3 Qb6 39. Nf2 Rxe3
40. Rxe3 Qxe3 41. Qxe3 Rxe3 42. Nd3 Be6 43. Nc5 Bxb3 44. Rb1 Bc2 45. Rc1 Nd6
46. Bxc6 Rc3 47. Bd5+ Kh8 48. Nb3 b5 49. Kg1 bxa4 50. Nxa5 Nb5 51. Re1 Nd4 52.
Re8+ Kg7 53. Re7+ Kh6 54. Bg8 g5 55. Bxh7 gxf4 56. gxf4 Be4 57. Nb7 Rc2 58. Nd6
Nf3+ 0-1

[Event "VII Open Vallee d'Aoste A"]
[Site "Saint Vincent - Chatillon ITA"]
[Date "1999.02.10"]
[Round "5"]
[White "Zelcic, Robert"]
[Black "Zinani, Alessandro"]
[Result "1-0"]
[WhiteElo "2554"]
[BlackElo "2178"]
[PlyCount "85"]
[EventDate "1999.02.06"]

1. e4 c5 2. Nf3 Nc6 3. d4 cxd4 4. Nxd4 Nf6 5. Nc3 e5 6. Ndb5 d6 7. Bg5 a6 8.
Na3 b5 9. Bxf6 gxf6 10. Nd5 Bg7 11. c3 O-O 12. Nc2 Rb8 13. Be2 Kh8 14. Bg4 Be6
15. Nce3 Ne7 16. Nxe7 Qxe7 17. Bf5 Rg8 18. Qh5 h6 19. Ng4 Bxf5 20. Qxf5 Qe6 21.
Ne3 Bf8 22. O-O Rg6 23. Rfd1 Be7 24. Rd5 Rb6 25. Rad1 Rc6 26. g3 Bf8 27. Kg2
Be7 28. Qf3 Rg8 29. Nf5 Kh7 30. Qe3 Rg6 31. Qa7 Bf8 32. Qb7 Rc4 33. Rxd6 Bxd6
34. Rxd6 Qe8 35. Rd7 Rg7 36. Rd6 Rg6 37. h4 h5 38. Rxa6 Ra4 39. Rc6 Ra8 40. Rc7
Kg8 41. Ne7+ Kg7 42. Nxg6 Kxg6 43. Rxf7 1-0

[Event "VII Open Vallee d'Aoste A"]
[Site "Saint Vincent - Chatillon ITA"]
[Date "1999.02.11"]
[Round "6"]
[White "Artizzu, Giulio"]
[Black "Ubezio, Marco"]
[Result "1-0"]
[WhiteElo "1738"]
[BlackElo "2195"]
[PlyCount "49"]
[EventDate "1999.02.06"]

1. e4 Nf6 2. Nc3 d5 3. e5 Ne4 4. d4 Nxc3 5. bxc3 Bf5 6. Ne2 e6 7. Ng3 Bg6 8.
Be2 c5 9. O-O Nc6 10. f4 Qc7 11. f5 exf5 12. Kh1 O-O-O 13. Nxf5 Qa5 14. Bg5 Re8
15. Bg4 Kb8 16. Rb1 Nd8 17. Qf3 cxd4 18. Nxd4 Be4 19. Qg3 Be7 20. Bd7 Bxg5 21.
Bxe8 Be7 22. Nc6+ Nxc6 23. Bxc6 Kc7 24. Bxb7 Rb8 25. e6+ 1-0

[Event "VII Open Vallee d'Aoste A"]
[Site "Saint Vincent - Chatillon ITA"]
[Date "1999.02.11"]
[Round "6"]
[White "Cacco, Christian"]
[Black "Genocchio, Daniele"]
[Result "1-0"]
[WhiteElo "2192"]
[BlackElo "2247"]
[PlyCount "55"]
[EventDate "1999.02.06"]

1. d4 Nf6 2. Nf3 g6 3. b3 Bg7 4. Bb2 O-O 5. Nbd2 d6 6. g3 b5 7. Bg2 Bb7 8. O-O
Nbd7 9. c4 bxc4 10. Nxc4 c5 11. Rc1 Rc8 12. dxc5 Nxc5 13. b4 Nce4 14. Na5 Rxc1
15. Qxc1 Bd5 16. a3 Qa8 17. Ne1 Rc8 18. Qd1 Bh6 19. Nd3 Nc3 20. Bxd5 Nfxd5 21.
Qe1 Ne4 22. Nb3 Rc2 23. Nd4 Bd2 24. Qb1 Ng5 25. h4 Rxb2 26. Nxb2 Qc8 27. hxg5
Qh3 28. Qe4 1-0

[Event "VII Open Vallee d'Aoste A"]
[Site "Saint Vincent - Chatillon ITA"]
[Date "1999.02.11"]
[Round "6"]
[White "Cebalo, Miso"]
[Black "Luciani, Valerio"]
[Result "1-0"]
[WhiteElo "2511"]
[BlackElo "2238"]
[PlyCount "73"]
[EventDate "1999.02.06"]

1. Nf3 f5 2. d4 g6 3. g3 Bg7 4. Bg2 Nf6 5. O-O O-O 6. b4 d6 7. Bb2 c6 8. c4 e5
9. dxe5 Ng4 10. c5 Nxe5 11. cxd6 Nxf3+ 12. Bxf3 Bxb2 13. Qb3+ Rf7 14. Qxb2 Qxd6
15. Na3 Be6 16. Rfd1 Qe7 17. b5 a6 18. bxc6 Nxc6 19. Nc2 Rc8 20. a4 Qc7 21. Ne3
Ne5 22. Bd5 Bxd5 23. Nxd5 Nc4 24. Qb3 Qe5 25. Rac1 Nd6 26. Rxc8+ Nxc8 27. Nf4
Nd6 28. Rd5 Qe7 29. h4 Ne8 30. Rd3 Nd6 31. h5 Kg7 32. hxg6 hxg6 33. Qb6 g5 34.
Nh5+ Kg6 35. Rxd6+ Kxh5 36. Rh6+ Kg4 37. Qd4+ 1-0

[Event "VII Open Vallee d'Aoste A"]
[Site "Saint Vincent - Chatillon ITA"]
[Date "1999.02.11"]
[Round "6"]
[White "Chatalbashev, Boris"]
[Black "Ortega, Lexy"]
[Result "1-0"]
[WhiteElo "2524"]
[BlackElo "2485"]
[PlyCount "71"]
[EventDate "1999.02.06"]

1. d4 d5 2. c4 c6 3. e3 Nf6 4. Nf3 e6 5. Bd3 Nbd7 6. O-O Bd6 7. Nc3 O-O 8. e4
dxc4 9. Bxc4 e5 10. h3 Qe7 11. Re1 Rd8 12. Ng5 Rf8 13. Nf3 Rd8 14. Ng5 Rf8 15.
d5 Bc5 16. Be3 Bxe3 17. Rxe3 Nb6 18. Bb3 Bd7 19. d6 Qe8 20. Ne2 h6 21. Nf3 Rd8
22. Ng3 Kh7 23. Qd2 Be6 24. Qa5 Nbd7 25. Rd1 a6 26. Nf5 Nxe4 27. Nxg7 Kxg7 28.
Rxe4 f5 29. Rxe5 Nxe5 30. Qxe5+ Rf6 31. Re1 Bd7 32. Qc3 Qg6 33. Re7+ Kf8 34.
Ne5 Qg5 35. f4 Qxf4 36. Nxd7+ 1-0

[Event "VII Open Vallee d'Aoste A"]
[Site "Saint Vincent - Chatillon ITA"]
[Date "1999.02.11"]
[Round "6"]
[White "Chenaux, Patrick"]
[Black "Zinani, Alessandro"]
[Result "0-1"]
[WhiteElo "2223"]
[BlackElo "2178"]
[PlyCount "60"]
[EventDate "1999.02.06"]

1. d4 f5 2. Nc3 d5 3. g4 Nf6 4. gxf5 Bxf5 5. Bg5 Nc6 6. a3 e6 7. Qd2 Be7 8.
O-O-O O-O 9. Bh3 Na5 10. Bxf5 exf5 11. f3 Nc4 12. Qd3 h6 13. Bh4 Qd6 14. Kb1 b5
15. Bxf6 Rxf6 16. e4 Nxb2 17. e5 Qxa3 18. exf6 Nxd3 19. Rxd3 Qb4+ 20. Kc1 Bxf6
21. Nxd5 Qe1+ 22. Rd1 Bg5+ 23. f4 Bxf4+ 24. Nxf4 Qe3+ 25. Kb1 Qxf4 26. Ne2 Qd6
27. Rhf1 Re8 28. Rf2 Qb4+ 29. Kc1 Re6 30. Rd3 Qe1+ 0-1

[Event "VII Open Vallee d'Aoste A"]
[Site "Saint Vincent - Chatillon ITA"]
[Date "1999.02.11"]
[Round "6"]
[White "De la Riva Aguado, Oscar"]
[Black "Glek, Igor V."]
[Result "0-1"]
[WhiteElo "2495"]
[BlackElo "2566"]
[PlyCount "82"]
[EventDate "1999.02.06"]

1. e4 e6 2. d4 d5 3. Nc3 Nf6 4. e5 Nfd7 5. f4 c5 6. Nf3 Nc6 7. Be3 cxd4 8. Nxd4
Bc5 9. Qd2 O-O 10. O-O-O a6 11. h4 Nxd4 12. Bxd4 b5 13. Rh3 b4 14. Na4 Bxd4 15.
Qxd4 a5 16. Bb5 Rb8 17. Be2 Bb7 18. Kb1 Bc6 19. Nc5 Bb5 20. Bd3 Nxc5 21. Qxc5
Qd7 22. Qf2 Bxd3 23. Rhxd3 Rb5 24. h5 Rc8 25. h6 Rbc5 26. R1d2 g6 27. Qh4 Qd8
28. Qxd8+ Rxd8 29. Kc1 Rdc8 30. Kd1 Rc4 31. Rd4 f6 32. exf6 Kf7 33. b3 Rxd4 34.
Rxd4 Kxf6 35. Rd2 g5 36. fxg5+ Kxg5 37. Re2 Rc6 38. Kd2 Kxh6 39. Kd3 Kg5 40.
Kd4 Kf6 41. g4 Kg5 0-1

[Event "VII Open Vallee d'Aoste A"]
[Site "Saint Vincent - Chatillon ITA"]
[Date "1999.02.11"]
[Round "6"]
[White "De La Villa Garcia, Jesus Maria"]
[Black "Drazic, Sinisa"]
[Result "1/2-1/2"]
[WhiteElo "2478"]
[BlackElo "2478"]
[PlyCount "89"]
[EventDate "1999.02.06"]

1. e4 c5 2. Nf3 e6 3. d4 cxd4 4. Nxd4 a6 5. Nc3 Qc7 6. Bd3 Nf6 7. f4 d6 8. O-O
Be7 9. Nf3 Nbd7 10. Qe1 e5 11. Nh4 g6 12. Nf3 b5 13. a3 Bb7 14. Kh1 exf4 15.
Bxf4 Ng4 16. a4 bxa4 17. Nd5 Bxd5 18. exd5 Nde5 19. Nxe5 Nxe5 20. Bh6 Bf8 21.
Qh4 Qd7 22. Bxf8 Kxf8 23. Rxa4 a5 24. Qf6 Rg8 25. b4 Qe7 26. Rxa5 Rxa5 27. bxa5
Qxf6 28. Rxf6 Ke7 29. Rf1 Ra8 30. Ra1 Nxd3 31. cxd3 Ra6 32. g4 Kf6 33. Kg2 Ke5
34. Kf3 Kxd5 35. g5 Kc5 36. Kf4 Kd4 37. Ra3 d5 38. h3 f6 39. gxf6 Rxf6+ 40. Kg5
Ra6 41. Kh6 Ke3 42. Kxh7 d4 43. Kh6 Kf4 44. Ra4 Ke3 45. Ra3 1/2-1/2

[Event "VII Open Vallee d'Aoste A"]
[Site "Saint Vincent - Chatillon ITA"]
[Date "1999.02.11"]
[Round "6"]
[White "Drasko, Milan"]
[Black "Sarno, Spartaco"]
[Result "1-0"]
[WhiteElo "2505"]
[BlackElo "2358"]
[PlyCount "83"]
[EventDate "1999.02.06"]

1. d4 Nf6 2. c4 g6 3. Nf3 Bg7 4. g3 O-O 5. Nc3 d5 6. Bg2 c6 7. cxd5 cxd5 8. Ne5
e6 9. O-O Nfd7 10. f4 Nc6 11. Be3 Nb6 12. Bf2 Ne7 13. e4 dxe4 14. Nxe4 Nbd5 15.
Qb3 Nf5 16. Rfe1 a5 17. Nc3 Nfe7 18. Rac1 a4 19. Nxa4 Qa5 20. Nc3 Nxc3 21. bxc3
Qxa2 22. Qxa2 Rxa2 23. c4 Rd8 24. d5 Bf8 25. Bb6 Rd6 26. Bc7 Rda6 27. d6 Nf5
28. d7 Bc5+ 29. Kh1 Bxd7 30. Nxd7 Bf2 31. Nf6+ Kg7 32. Be5 Bxe1 33. Rxe1 Rc2
34. Be4 Rxc4 35. Bd3 b5 36. Bxc4 bxc4 37. Rc1 Ra4 38. g4 Nh4 39. Rd1 Ra8 40.
Nd7+ Kg8 41. Nb6 Rf8 42. Bf6 1-0

[Event "VII Open Vallee d'Aoste A"]
[Site "Saint Vincent - Chatillon ITA"]
[Date "1999.02.11"]
[Round "6"]
[White "Hickl, Joerg"]
[Black "Belotti, Bruno"]
[Result "1-0"]
[WhiteElo "2575"]
[BlackElo "2441"]
[PlyCount "73"]
[EventDate "1999.02.06"]

1. g3 g6 2. Bg2 Bg7 3. c4 Nc6 4. Nc3 e5 5. Rb1 a5 6. a3 Nf6 7. b4 axb4 8. axb4
O-O 9. d3 Re8 10. b5 Ne7 11. Qb3 c6 12. Nf3 d5 13. bxc6 bxc6 14. O-O Nf5 15. e3
Ba6 16. Rd1 e4 17. dxe4 Bxc4 18. Qc2 Nd6 19. Nd2 Rc8 20. Ba3 Ba6 21. Bc5 Nb5
22. Nxb5 Bxb5 23. exd5 Nxd5 24. Nb3 Qg5 25. Nd4 Red8 26. Rbc1 h5 27. Qb3 Rb8
28. Qc2 Rbc8 29. Nf3 Qf6 30. Bd4 Qe7 31. Bxg7 Kxg7 32. Nd4 Qf6 33. h4 Nb4 34.
Qb3 Qe7 35. Rb1 Na6 36. Rbc1 Rb8 37. Qa2 $139 1-0

[Event "VII Open Vallee d'Aoste A"]
[Site "Saint Vincent - Chatillon ITA"]
[Date "1999.02.11"]
[Round "6"]
[White "Lacrosse, Marc"]
[Black "Sedina, Elena"]
[Result "0-1"]
[WhiteElo "2175"]
[BlackElo "2374"]
[PlyCount "74"]
[EventDate "1999.02.06"]

1. d4 Nf6 2. c4 c5 3. d5 b5 4. cxb5 a6 5. e3 g6 6. Nc3 Bg7 7. a4 O-O 8. Bc4 e6
9. Nge2 axb5 10. Bxb5 Na6 11. O-O exd5 12. Nf4 Nc7 13. Be2 Ba6 14. Re1 d4 15.
exd4 cxd4 16. Qxd4 Nfd5 17. Qd2 Nxf4 18. Qxf4 d5 19. Bd2 Ne6 20. Qg3 Bxe2 21.
Nxe2 Bxb2 22. Ra2 Bg7 23. Rc1 d4 24. Nf4 Nxf4 25. Qxf4 Qd5 26. Ra3 Rfe8 27. a5
Re2 28. Rd1 Qb5 29. g3 Qb2 30. Rd3 Rae8 31. Qf3 Qc2 32. Bg5 h6 33. Bf4 g5 34.
Bd6 R2e6 35. Bb4 Rf6 36. Qg2 Re2 37. Rxd4 Rfxf2 0-1

[Event "VII Open Vallee d'Aoste A"]
[Site "Saint Vincent - Chatillon ITA"]
[Date "1999.02.11"]
[Round "6"]
[White "Lugovoi, Aleksei"]
[Black "Sulava, Nenad"]
[Result "1/2-1/2"]
[WhiteElo "2510"]
[BlackElo "2466"]
[PlyCount "67"]
[EventDate "1999.02.06"]

1. d4 d5 2. c4 dxc4 3. Nf3 Nf6 4. e3 Bg4 5. Bxc4 e6 6. h3 Bh5 7. Nc3 Nbd7 8.
O-O Bb4 9. a3 Bxc3 10. bxc3 O-O 11. Bd3 Bg6 12. Bxg6 hxg6 13. Re1 c5 14. e4 Qa5
15. Bd2 Qa6 16. Bg5 cxd4 17. cxd4 Rac8 18. d5 Nc5 19. Bxf6 gxf6 20. dxe6 Nxe6
21. Re3 Rfd8 22. Qb3 Ng7 23. Qb2 Rc4 24. Rae1 Qc6 25. h4 Rc2 26. Qa1 Qc5 27.
Qb1 b6 28. h5 g5 29. Qa1 Rb8 30. Qd1 Ra8 31. Qa1 Rc8 32. Qd1 Ra8 33. Qa1 Rc8
34. Qd1 1/2-1/2

[Event "VII Open Vallee d'Aoste A"]
[Site "Saint Vincent - Chatillon ITA"]
[Date "1999.02.11"]
[Round "6"]
[White "Manca, Federico"]
[Black "Lampic, Teo"]
[Result "1-0"]
[WhiteElo "2393"]
[BlackElo "2303"]
[PlyCount "73"]
[EventDate "1999.02.06"]

1. e4 d6 2. d4 e5 3. Nf3 Nf6 4. dxe5 Nxe4 5. Qd5 Nc5 6. Bg5 Qd7 7. exd6 Bxd6 8.
Nc3 Qe6+ 9. Qxe6+ Nxe6 10. Bd2 O-O 11. O-O-O Bc5 12. Ne4 Bb6 13. Bc4 Nd7 14.
Rhe1 h6 15. Bb4 Re8 16. Bb5 c6 17. Nd6 Rd8 18. Bc4 Ndf8 19. Ne5 a5 20. Nexf7
Rd7 21. Nxc8 Rxd1+ 22. Kxd1 Bxf2 23. Bxf8 Bxe1 24. Bxe6 Bf2 25. Bd6 Kh7 26. Ne5
Bd4 27. c3 Bg1 28. h4 g6 29. Bf8 Bf2 30. Nd7 a4 31. Nf6+ Kh8 32. Ne7 Rxf8 33.
Nxg6+ Kg7 34. Nxf8 Kxf8 35. Bc8 b5 36. h5 c5 37. Ng4 1-0